[Event "Wiesbaden op 27th"]
[Site "Wiesbaden"]
[Date "2015.08.30"]
[Round "6"]
[White "Pravez, Luca"]
[Black "Cichy, Michael"]
[Result "0-1"]
[WhiteElo "1816"]
[BlackElo "1948"]
[PlyCount "56"]
[EventDate "2015.08.27"]
[EventType "swiss"]
[EventRounds "7"]
[EventCountry "GER"]
[SourceTitle "EXT 2016"]
[Source "ChessBase"]
[SourceDate "2015.10.08"]
[SourceVersion "1"]
[SourceVersionDate "2015.10.08"]
[SourceQuality "1"]

1. e4 c5 2. Nc3 e6 3. Nf3 d6 4. d4 cxd4 5. Nxd4 Qc7 6. Bd3 Nc6 7. Nxc6 bxc6 8. Ne2 d5 9. exd5 cxd5 10. 0-0 Nf6 11. Bg5 Be7 12. Ng3 0-0 13. Rc1 Qe5 14. Bxf6 Bxf6 15. c3 g6 16. Re1 Qb8 17. Qf3 Bg7 18. b3 a5 19. Ne2 Bb7 20. Qg4 f5 21. Qa4 e5 22. Bb5 Qd6 23. Rcd1 Rfd8 24. Rd3 Kh8 25. Red1 Qc5 26. Kf1 f4 27. Ng1 e4 28. Rh3 Bc8 0-1